000 00541nam a2200205Ia 4500
005 20250508161012.0
008 008 250505s9999 xx 000 0 eng d
037 _aTextBook
040 _aFEDL
_beng
_cFEDL
041 _aeng
_2eng
084 _a370.1, KRI
_qFEDL
100 _aKrishnamurti J
245 0 _aBeginnings of learning
260 _aLondon, UK
_bVictor Gollancz Ltd.
_c1975
300 _a254p
365 _aINR
_b36
650 _aEducational Philosophy
942 _cTB
_h370.1, KRI
999 _c1367858
_d1367858